Statistiques concernant Quiz série Netflix

Cliquez ici pour prendre le quiz!

Statistiques générales

  • Ce quiz a été pris 4 031 fois
  • Le résultat moyen est 4 sur 9

Statistiques - réponses

QuestionRéponse% Correct
Dans élite, qui a tué MarinaPolo
80%
Dans la casa de Papel, quel est l'autre nom du professeurSergio Marquina
75%
Dans the end of the f***ing world, comment James a eu sa brûlure à sa mainUne fritière
54%
Dans You, quelle était l'allergie de BenjiA l'huile d'arachide
51%
Dans atypical, de quoi Sam a-t-il besoin pour se calmerDes pingouins
48%
Dans stranger things saison 3, qui achète les feux d'artifices ?Lucas
38%
Dans i'm not okay with this, comment Sydney découvre t-elle quelle a des pouvoirBrad saigne du nez
23%
Dans 13 reasons why, à qui est destiné la dernière cassetteM. Porter
20%
Dans Riverdale, de quelle façon est mort JasonTombé d'un bateau
16%

Distribution des résultats

Percentile par nombre de réponses

% des personnes avec chaque résultat

Votre développement - résultats

Vous n’avez pas pris ce quiz